[Event "Memorial Gashimov 2023 - Rapid"]
[Site "Gabala"]
[Date "10.12.2023"]
[Round "R7"]
[White "Suleymanli, Aydin"]
[Black "Abasov, Nijat"]
[Result "1-0"]
[WhiteElo "2609"]
[BlackElo "2641"]
[EventDate "2023.12.08"]

1. e4 c5 2. Nf3 d6 3. Bb5+ Nd7 4. O-O a6 5. Be2 Ngf6 6. d3 g6 7. a4 b6 8.
Nfd2 Bg7 9. f4 Bb7 10. Qe1 b5 11. Nc3 Qb6 12. a5 Qc7 13. Bf3 e5 14. g4 exf4
15. g5 Ng8 16. Nd5 Qd8 17. e5 Bxe5 18. Nb6 Qxg5+ 19. Kh1 Rb8 20. Bxb7 Rxb7
21. Ne4 Qh5 22. Nxd6+ Kf8 23. Nxb7 Nxb6 24. axb6 f3 25. Qf2 Nf6 26. Bh6+
Kg8 27. Rae1 Ng4 28. Qg3 f6 29. Rxe5 fxe5 30. Bd2 f2 31. h3 Nf6 32. Rxf2
Kg7 33. Bg5 1-0

[Event "Memorial Gashimov 2023 - Rapid"]
[Site "Gabala"]
[Date "10.12.2023"]
[Round "R7"]
[White "Radjabov, Teimour"]
[Black "Gelfand, Boris"]
[Result "0-1"]
[WhiteElo "2723"]
[BlackElo "2660"]
[EventDate "2023.12.08"]

1. e4 c5 2. Nf3 e6 3. d4 cxd4 4. Nxd4 Nf6 5. Nc3 Nc6 6. Nxc6 bxc6 7. e5 Nd5
8. Ne4 Bb7 9. Be2 c5 10. a3 f5 11. Bg5 Qb8 12. Nd6+ Bxd6 13. exd6 O-O 14.
c4 Nf6 15. f3 a5 16. Qd2 e5 17. O-O Ra6 18. Rad1 Ba8 19. Rfe1 e4 20. b4
axb4 21. axb4 Qxb4 22. Qxb4 cxb4 23. c5 Ra5 24. Bxf6 gxf6 25. fxe4 fxe4 26.
Bc4+ Kg7 27. Bd5 f5 28. Bxa8 Rfxa8 29. Rd5 b3 30. Kf2 Ra1 31. Rdd1 Rxd1 32.
Rxd1 Kf6 0-1

[Event "Memorial Gashimov 2023 - Rapid"]
[Site "Gabala"]
[Date "10.12.2023"]
[Round "R7"]
[White "Van Foreest, Jorden"]
[Black "Rapport, Richard"]
[Result "1-0"]
[WhiteElo "2679"]
[BlackElo "2731"]
[EventDate "2023.12.08"]

1. e4 Nf6 2. e5 Nd5 3. d4 d6 4. Nf3 dxe5 5. Nxe5 c6 6. Bc4 Nd7 7. Nf3 N7f6
8. O-O Bg4 9. Be2 e6 10. h3 Bf5 11. Re1 Bd6 12. Bd3 Bxd3 13. Qxd3 O-O 14.
Nbd2 c5 15. Nc4 Be7 16. dxc5 Bxc5 17. Nce5 Qb6 18. Qe2 h6 19. c4 Ne7 20.
Nd3 Nf5 21. Nxc5 Qxc5 22. b3 Rfd8 23. Bb2 Rd6 24. a4 Rdd8 25. a5 Qd6 26.
Bc3 Qd3 27. Qb2 Ne8 28. a6 bxa6 29. Rxa6 Qd7 30. Rea1 Qb7 31. Ne5 Nf6 32.
b4 Ne4 33. b5 Nxc3 34. Qxc3 Nd4 35. Kh1 Qc7 36. Nc6 Nxc6 37. Rxc6 Qb7 38.
Qe3 a5 39. Qb6 Qxb6 40. Rxb6 Rdc8 41. Ra6 Rab8 42. Ra4 Kf8 43. R6xa5 Ke7
44. Ra7+ Kf6 45. Rb4 Rb6 46. Kg1 Rc5 47. Kf1 g5 48. Rd7 Re5 49. Rb3 Rc5 50.
Rb4 Re5 51. Rc7 Rd6 52. Rb1 Rd2 53. b6 Ree2 54. Kg1 Ke5 55. Rxf7 1-0

[Event "Memorial Gashimov 2023 - Rapid"]
[Site "Gabala"]
[Date "10.12.2023"]
[Round "R8"]
[White "Gelfand, Boris"]
[Black "Van Foreest, Jorden"]
[Result "1/2-1/2"]
[WhiteElo "2660"]
[BlackElo "2679"]
[EventDate "2023.12.08"]

1. d4 Nf6 2. c4 g6 3. Nc3 Bg7 4. e4 d6 5. Nf3 O-O 6. Be2 e5 7. O-O Re8 8.
d5 Nbd7 9. Bg5 h6 10. Be3 Ng4 11. Bd2 Ngf6 12. b4 a5 13. a3 axb4 14. axb4
Rxa1 15. Qxa1 c5 16. dxc6 bxc6 17. Qa7 Re7 18. Qa8 Qc7 19. Ra1 Nb6 20. Qa5
Be6 21. c5 dxc5 22. Qxc5 Re8 23. Ra6 Nfd7 24. Qa5 Rc8 25. Be3 Nc4 26. Bxc4
Bxc4 27. Ra8 Kh7 28. Rxc8 Qxc8 29. Nd2 Be6 30. Na4 Qb8 31. h3 Qb5 32. Qxb5
cxb5 33. Nc3 Bf8 34. Nxb5 Bxb4 35. Nc7 Ba2 36. Nd5 Ba5 37. Ne7 Kg7 38. Kf1
Bb4 39. Nc6 Bf8 40. Ke2 f5 41. f3 Kf6 1/2-1/2

[Event "Memorial Gashimov 2023 - Rapid"]
[Site "Gabala"]
[Date "10.12.2023"]
[Round "R8"]
[White "Abasov, Nijat"]
[Black "Mamedov, Rauf"]
[Result "1/2-1/2"]
[WhiteElo "2641"]
[BlackElo "2651"]
[EventDate "2023.12.08"]

1. d4 d5 2. c4 c6 3. Nc3 Nf6 4. cxd5 cxd5 5. Nf3 Nc6 6. Bf4 Bf5 7. e3 e6 8.
Bd3 Bxd3 9. Qxd3 Bd6 10. Bxd6 Qxd6 11. O-O O-O 12. Rac1 Rac8 13. h3 h6 14.
a3 1/2-1/2

[Event "Memorial Gashimov 2023 - Rapid"]
[Site "Gabala"]
[Date "10.12.2023"]
[Round "R8"]
[White "Vidit, Gujrathi"]
[Black "Suleymanli, Aydin"]
[Result "1-0"]
[WhiteElo "2737"]
[BlackElo "2609"]
[EventDate "2023.12.08"]

1. d4 Nf6 2. Nf3 d5 3. Bf4 c5 4. e3 e6 5. Nbd2 Qb6 6. Rb1 Bd6 7. dxc5 Qxc5
8. Bg5 Nbd7 9. c4 b6 10. cxd5 Qxd5 11. Bc4 Qf5 12. e4 Qg6 13. O-O Bb7 14.
Bxf6 gxf6 15. Bb5 O-O-O 16. Qa4 a5 17. Rfc1+ Nc5 18. b4 axb4 19. Qa7 Bc7
20. Nc4 Rhg8 21. g3 Qxe4 22. Nxb6+ Bxb6 23. Qxb6 Kb8 24. Qxc5 Rc8 25. Qd6+
Ka8 26. Rxc8+ Rxc8 27. Rb3 Rc3 28. Rxb4 Rc1+ 29. Bf1 Qc2 30. Qd8+ 1-0

[Event "Memorial Gashimov 2023 - Rapid"]
[Site "Gabala"]
[Date "10.12.2023"]
[Round "R9"]
[White "Mamedov, Rauf"]
[Black "Vidit, Gujrathi"]
[Result "1/2-1/2"]
[WhiteElo "2651"]
[BlackElo "2737"]
[EventDate "2023.12.08"]

1. e4 e5 2. Nf3 Nc6 3. Bb5 a6 4. Ba4 Nf6 5. Nc3 Bc5 6. d3 d6 7. h3 b5 8.
Bb3 Na5 9. O-O O-O 10. Ne2 h6 11. Ng3 Re8 12. Nh2 Nxb3 13. axb3 d5 14. Qf3
dxe4 15. dxe4 Bf8 16. Rd1 Qe7 17. Be3 Qe6 18. Rd3 Bb7 19. Ng4 Nxg4 20. hxg4
Rad8 21. Rad1 Rxd3 22. Rxd3 g6 23. Qd1 Kh7 24. f3 a5 25. Bf2 a4 26. Nf1
axb3 27. cxb3 Ra8 28. Qc1 Rc8 29. Bc5 Be7 30. b4 Rd8 31. Rxd8 Bxd8 32. Qd2
Bf6 33. Ne3 Bg5 34. Qd3 Bc6 35. Nd5 Bxd5 36. exd5 Qa6 37. Kh2 Qa2 38. Qxb5
Qxd5 39. Qe2 Bf4+ 40. g3 Bg5 41. Kg2 Kg7 42. Qc2 c6 43. Qe2 f5 44. gxf5
gxf5 45. Kh2 e4 46. f4 Bf6 47. g4 Kf7 48. Qg2 fxg4 49. Qxg4 h5 50. Qc8 Qd2+
51. Kh3 Qd3+ 52. Kh2 Qe2+ 53. Kg1 Qd1+ 54. Kg2 Qc2+ 55. Kh1 Qb1+ 56. Bg1
Qd3 57. Qf5 Qf3+ 58. Kh2 Qe2+ 59. Kh3 Qd3+ 60. Kh2 h4 61. Qh5+ Ke6 62. Qg4+
Kf7 63. Qh5+ Kg7 64. Qg4+ Kf7 65. Qh5+ 1/2-1/2

[Event "Memorial Gashimov 2023 - Rapid"]
[Site "Gabala"]
[Date "10.12.2023"]
[Round "R9"]
[White "Van Foreest, Jorden"]
[Black "Mamedyarov, Shakhriyar"]
[Result "1-0"]
[WhiteElo "2679"]
[BlackElo "2723"]
[EventDate "2023.12.08"]

1. e4 e5 2. Nf3 Nc6 3. Bb5 a6 4. Ba4 Nf6 5. O-O Be7 6. d3 b5 7. Bb3 d6 8.
c3 O-O 9. Re1 Be6 10. Bxe6 fxe6 11. Nbd2 d5 12. Qe2 Bc5 13. Nb3 Bd6 14. a4
b4 15. c4 dxc4 16. dxc4 Nd7 17. Be3 Qe7 18. Bg5 Qe8 19. Be3 h6 20. Rad1 Be7
21. c5 Nf6 22. Qc4 Qf7 23. Nc1 Ng4 24. Rd7 Qg6 25. Kh1 Na5 26. Qe2 Rf7 27.
h3 Nxe3 28. Qxe3 Nc6 29. Ne2 Rd8 30. Qd3 Rff8 31. Rxd8 Rxd8 32. Qxa6 Nd4
33. Nexd4 exd4 34. Ne5 Qf6 35. Nd3 e5 36. Qc4+ Kh7 37. a5 Ra8 38. Ra1 Qg5
39. a6 Qd2 40. a7 c6 41. Qa6 Bg5 42. Qb7 Rf8 43. Nxe5 Bf4 44. Nd7 Rd8 45.
a8=Q 1-0

[Event "Memorial Gashimov 2023 - Rapid"]
[Site "Gabala"]
[Date "10.12.2023"]
[Round "R9"]
[White "Rapport, Richard"]
[Black "Gelfand, Boris"]
[Result "1-0"]
[WhiteElo "2731"]
[BlackElo "2660"]
[EventDate "2023.12.08"]

1. Nf3 c5 2. e4 Nc6 3. Bb5 e6 4. c3 d5 5. d3 Bd7 6. Bf4 Nf6 7. Nbd2 Nh5 8.
Be3 Nf6 9. O-O Qc7 10. Bg5 Bd6 11. Bxf6 gxf6 12. exd5 exd5 13. Re1+ Ne7 14.
Qa4 Bxb5 15. Qxb5+ Qd7 16. Qxd7+ Kxd7 17. g3 Rhe8 18. Kg2 Nc6 19. Nf1 Ne5
20. Red1 Kc6 21. Ne3 Bf8 22. Nh4 Rad8 23. Nhf5 c4 24. dxc4 Nxc4 25. b4
Nxe3+ 26. Nxe3 a6 27. Rd3 Bh6 28. f4 Bf8 29. Kf3 Rd7 30. Rad1 Red8 31. Rd4
h5 32. h4 b5 33. g4 hxg4+ 34. Kxg4 a5 35. a3 a4 36. h5 Bh6 37. Nf5 Rg8+ 38.
Kf3 Bf8 39. Ne3 f5 40. Rxd5 Rxd5 41. Rxd5 Rg1 42. Rxf5 Bg7 43. Rc5+ 1-0

[Event "Memorial Gashimov 2023 - Blitz"]
[Site "Gabala"]
[Date "11.12.2023"]
[Round "B1"]
[White "Mamedyarov, Shakhriyar"]
[Black "Rapport, Richard"]
[Result "0-1"]
[WhiteElo "2734"]
[BlackElo "2752"]
[PlyCount "85"]
[EventDate "2023.??.??"]
[WhiteTeam "Azerbaijan"]
[BlackTeam "ROU"]
[WhiteTeamCountry "AZE"]

1. d4 d5 2. c4 c6 3. Nf3 Nf6 4. Nc3 a6 5. e3 Bf5 6. Ne5 Nbd7 7. Qb3 Qc7 8. Nxd7
Qxd7 9. Na4 Qc7 10. Nb6 Rd8 11. Bd2 e6 12. Be2 dxc4 13. Nxc4 b5 14. Ne5 Ne4 15.
Bc3 Bd6 16. a4 O-O 17. O-O Bxe5 18. dxe5 Nd2 19. Bxd2 Rxd2 20. Bf3 Qxe5 21. Qc3
Qxc3 22. bxc3 Rc2 23. Bxc6 Rxc3 24. axb5 Bd3 25. Rxa6 Bxf1 26. Kxf1 Rd8 27. g3
g5 28. Ra2 Kg7 29. Rb2 Rb8 30. Rd2 Rb3 31. Kg2 Rc8 32. Rd4 Rc7 33. h4 h6 34.
hxg5 hxg5 35. g4 Ra7 36. Rd2 Ra4 37. Kg3 Rc4 38. Ra2 Rb1 39. f4 gxf4+ 40. exf4
Rb3+ 41. Kh4 Rxf4 42. Ra7 Rbb4 43. Kg3 0-1

[Event "Memorial Gashimov 2023 - Blitz"]
[Site "Gabala"]
[Date "11.12.2023"]
[Round "B1"]
[White "Abasov, Nijat"]
[Black "Van Foreest, Jorden"]
[Result "0-1"]
[WhiteElo "2679"]
[BlackElo "2707"]
[PlyCount "98"]
[EventDate "2023.??.??"]
[WhiteTeam "Azerbaijan"]
[BlackTeam "Olanda"]
[WhiteTeamCountry "AZE"]
[BlackTeamCountry "NED"]

1. e4 c6 2. Nf3 d5 3. d3 dxe4 4. dxe4 Qxd1+ 5. Kxd1 Nf6 6. Nbd2 g6 7. Ne5 Be6
8. f3 Nbd7 9. Nd3 Bh6 10. c3 O-O-O 11. Kc2 Ne8 12. Nb3 Bxc1 13. Rxc1 Bc4 14.
Nd2 Bxd3+ 15. Bxd3 Nd6 16. Be2 Kc7 17. a4 a5 18. Nb3 b6 19. Rcd1 Ne5 20. Nd4
Nec4 21. Kb1 Ne3 22. Rdg1 Nb7 23. Nc2 Rd2 24. Nxe3 Rxe2 25. Re1 Rxe1+ 26. Rxe1
Nc5 27. Kc2 Nxa4 28. Ra1 Nc5 29. b4 Nb7 30. Nc4 a4 31. Rd1 Nd6 32. Na3 c5 33.
bxc5 bxc5 34. Ra1 Ra8 35. e5 Nf5 36. Nc4 Kc6 37. g4 Nh4 38. f4 Ra6 39. h3 Kd5
40. Kd3 Ng2 41. Rxa4 Nxf4+ 42. Ke3 Rxa4 43. Nb6+ Kxe5 44. Nxa4 c4 45. Nb2 Nd5+
46. Kd2 Nb6 47. Ke3 f5 48. gxf5 gxf5 49. Kf3 Kf6 0-1

[Event "Memorial Gashimov 2023 - Blitz"]
[Site "Gabala"]
[Date "11.12.2023"]
[Round "B1"]
[White "Vidit, Gujrathi"]
[Black "Radjabov, Teimour"]
[Result "0-1"]
[WhiteElo "2716"]
[BlackElo "2745"]
[PlyCount "138"]
[EventDate "2023.??.??"]
[WhiteTeam "India"]
[BlackTeam "Azerbaijan"]
[WhiteTeamCountry "IND"]
[BlackTeamCountry "AZE"]

1. d4 d5 2. c4 e6 3. Nc3 Nf6 4. cxd5 exd5 5. Bg5 c6 6. e3 h6 7. Bh4 Be7 8. Bd3
O-O 9. Nge2 Re8 10. O-O Nbd7 11. a4 Nh5 12. Bxe7 Qxe7 13. a5 Nf8 14. Re1 Qg5
15. Qd2 Bf5 16. Ng3 Nxg3 17. hxg3 Bxd3 18. Qxd3 Nd7 19. a6 b5 20. Rac1 Re6 21.
Ne2 Rae8 22. Nf4 Rd6 23. Rc2 Nb8 24. Rec1 Qd8 25. Qa3 Rf6 26. Nd3 h5 27. Ne5
Ree6 28. Qd3 Qb6 29. Nf3 Re8 30. Ng5 g6 31. e4 Nxa6 32. Qe3 Nb4 33. Re2 dxe4
34. Nxe4 Kg7 35. Qd2 Rfe6 36. Rce1 Nd5 37. Nc5 Rxe2 38. Rxe2 Qd8 39. Re5 Re7
40. Qe1 Qd6 41. b4 f6 42. Rxe7+ Qxe7 43. Qd2 g5 44. Nd3 Qe4 45. Nc5 Qe7 46. Nd3
Qf7 47. Qc1 Qe8 48. Qa1 Qd7 49. Nc5 Qe7 50. Nd3 Nxb4 51. Nxb4 Qxb4 52. Qxa7+
Kg6 53. Kh2 Qd6 54. Qa8 h4 55. Qg8+ Kf5 56. Qh7+ Ke6 57. Qe4+ Kd7 58. Kg1 hxg3
59. fxg3 b4 60. g4 Kc7 61. Qh7+ Kb6 62. Qd3 c5 63. d5 Kc7 64. g3 Qe5 65. Kg2
Qb2+ 66. Kh3 Qa1 67. Kg2 Qe5 68. Qa6 Qxd5+ 69. Kf2 b3 0-1

[Event "Memorial Gashimov 2023 - Blitz"]
[Site "Gabala"]
[Date "11.12.2023"]
[Round "B1"]
[White "Suleymanli, Aydin"]
[Black "Mamedov, Rauf"]
[Result "1/2-1/2"]
[WhiteElo "2588"]
[BlackElo "2640"]
[PlyCount "91"]
[EventDate "2023.??.??"]
[WhiteTeam "Azerbaijan"]
[BlackTeam "Azerbaijan"]
[WhiteTeamCountry "AZE"]
[BlackTeamCountry "AZE"]

1. e4 c5 2. Nf3 Nc6 3. Bb5 g6 4. O-O Bg7 5. d3 Nf6 6. Nc3 O-O 7. e5 Ng4 8. Bxc6
bxc6 9. Re1 d6 10. exd6 exd6 11. Bf4 f6 12. d4 cxd4 13. Qxd4 Ne5 14. Bxe5 fxe5
15. Qc4+ Kh8 16. Rad1 Rb8 17. Qxc6 Bb7 18. Qxd6 Qxd6 19. Rxd6 Bxf3 20. gxf3
Rxb2 21. Ra6 Rxf3 22. Ne4 Rxc2 23. Rxa7 Rf8 24. a4 Ra2 25. a5 Ra4 26. Kg2 Rf4
27. Nc5 Ra2 28. Ra8+ Rf8 29. Rxf8+ Bxf8 30. Nb7 Bb4 31. Rxe5 Kg7 32. Kg3 Kf6
33. f4 Ra3+ 34. Kg2 Ra2+ 35. Kf3 Bd2 36. Re2 Ra3+ 37. Ke4 Bxa5 38. Nxa5 Rxa5
39. Re3 Ra2 40. h3 Rf2 41. Rb3 h5 42. Rb6+ Kg7 43. Rb7+ Kh6 44. Rb6 h4 45. Rb8
Kg7 46. Rb7+ 1/2-1/2

[Event "Memorial Gashimov 2023 - Blitz"]
[Site "Gabala"]
[Date "11.12.2023"]
[Round "B2"]
[White "Radjabov, Teimour"]
[Black "Suleymanli, Aydin"]
[Result "1-0"]
[WhiteElo "2745"]
[BlackElo "2588"]
[PlyCount "81"]
[EventDate "2023.??.??"]
[WhiteTeam "Azerbaijan"]
[BlackTeam "Azerbaijan"]
[WhiteTeamCountry "AZE"]
[BlackTeamCountry "AZE"]

1. c4 Nf6 2. Nc3 e5 3. Nf3 Nc6 4. g3 d5 5. cxd5 Nxd5 6. Bg2 Bc5 7. O-O O-O 8.
d3 h6 9. Nxd5 Qxd5 10. Bd2 Qd6 11. Rc1 Qe7 12. a3 a5 13. Bc3 Rd8 14. Qc2 Bb6
15. Rfe1 Bf5 16. Nd2 Qc5 17. Rf1 Rab8 18. Nc4 Qxc4 19. dxc4 Bxc2 20. Rxc2 Nd4
21. Bxd4 Bxd4 22. b4 axb4 23. axb4 b5 24. e3 bxc4 25. exd4 Rxd4 26. Rb1 c3 27.
Rxc3 Rdxb4 28. Rxb4 Rxb4 29. Rxc7 Rd4 30. Rc5 f6 31. h4 h5 32. Bf3 g6 33. Rc7
f5 34. Kf1 Rd2 35. Be2 Rd6 36. Bc4+ Kh8 37. Ke2 Rb6 38. Re7 e4 39. Ke3 Rc6 40.
Be6 Rc2 41. Kf4 1-0

[Event "Memorial Gashimov 2023 - Blitz"]
[Site "Gabala"]
[Date "11.12.2023"]
[Round "B2"]
[White "Van Foreest, Jorden"]
[Black "Vidit, Gujrathi"]
[Result "1/2-1/2"]
[WhiteElo "2707"]
[BlackElo "2716"]
[PlyCount "97"]
[EventDate "2023.??.??"]
[WhiteTeam "Olanda"]
[BlackTeam "India"]
[WhiteTeamCountry "NED"]
[BlackTeamCountry "IND"]

1. e4 e5 2. Nf3 Nc6 3. d4 exd4 4. Nxd4 Nf6 5. Nxc6 bxc6 6. Bd3 d5 7. exd5 cxd5
8. O-O Be7 9. h3 O-O 10. Re1 Be6 11. Nc3 c5 12. Bf1 Re8 13. b3 h6 14. Qf3 d4
15. Ne4 Nxe4 16. Qxe4 Bg5 17. Bd3 g6 18. Bxg5 Qxg5 19. Qe5 Rac8 20. Qxg5 hxg5
21. Re5 g4 22. hxg4 Bxg4 23. Rae1 Rxe5 24. Rxe5 Kf8 25. Kh2 Rc7 26. Kg3 Bc8 27.
Kh4 Kg7 28. f4 Be6 29. Bc4 Bf5 30. Bd3 Be6 31. Bc4 Bf5 32. Re2 Kf6 33. g4 Be6
34. g5+ Ke7 35. Bxe6 fxe6 36. Kg4 c4 37. Rh2 Kd6 38. Kf3 cxb3 39. axb3 Kd5 40.
Re2 Rc3+ 41. Kg4 Kd6 42. Re4 Kd5 43. Re5+ Kd6 44. Re2 a5 45. Re4 Kd5 46. Re5+
Kd6 47. Re4 Kd5 48. Re5+ Kd6 49. Re4 1/2-1/2

[Event "Memorial Gashimov 2023 - Blitz"]
[Site "Gabala"]
[Date "11.12.2023"]
[Round "B2"]
[White "Rapport, Richard"]
[Black "Abasov, Nijat"]
[Result "1/2-1/2"]
[WhiteElo "2752"]
[BlackElo "2679"]
[PlyCount "147"]
[EventDate "2023.??.??"]
[WhiteTeam "ROU"]
[BlackTeam "Azerbaijan"]
[BlackTeamCountry "AZE"]

1. Nc3 d5 2. e4 Nf6 3. e5 d4 4. exf6 dxc3 5. fxg7 cxd2+ 6. Bxd2 Bxg7 7. Qh5 Qd6
8. O-O-O Nc6 9. Ne2 Bd7 10. Bc3 Qh6+ 11. Qxh6 Bxh6+ 12. Kb1 Rg8 13. Ng3 Bf4 14.
Bd3 h6 15. Bh7 Rg5 16. h4 Rb5 17. a4 Rb6 18. Nh5 Be5 19. a5 Rb5 20. Bd3 Rc5 21.
Bxe5 Rxe5 22. Nf4 Rxa5 23. Bc4 e6 24. g3 Ke7 25. Rhe1 Re5 26. Rg1 Rg8 27. Nd3
Rh5 28. Rde1 Bc8 29. Nf4 Rc5 30. Bb3 Nd4 31. Nd5+ Kf8 32. Nf6 Rg6 33. Ne4 Nxb3
34. cxb3 Rd5 35. Rc1 c6 36. Nc3 Rd2 37. Rc2 Rd3 38. b4 e5 39. b5 Bf5 40. Kc1
cxb5 41. Nxb5 Ra6 42. Na3 Kg7 43. Rc5 Kf6 44. g4 Bh7 45. g5+ hxg5 46. Rxg5 Rad6
47. Rg1 Rb6 48. Nc4 Ra6 49. Na3 Rf3 50. Re1 Re6 51. Nc4 Rxf2 52. Nxe5 Bf5 53.
Nd7+ Ke7 54. Ne5 Kd6 55. b4 b6 56. Nxf7+ Ke7 57. Rc7+ Kf6 58. Rxe6+ Bxe6 59.
Ng5 Bf5 60. Rxa7 Rc2+ 61. Kd1 Rc4 62. Rb7 Rxb4 63. Kd2 Ke5 64. h5 Kd4 65. Nf3+
Ke4 66. Ne1 Rb2+ 67. Kc3 Rb1 68. Nc2 Kd5 69. Ne3+ Kc6 70. Rf7 Be4 71. Kd4 Rb4+
72. Kc3 Rb1 73. Rf4 Bh7 74. Rf7 1/2-1/2

[Event "Memorial Gashimov 2023 - Blitz"]
[Site "Gabala"]
[Date "11.12.2023"]
[Round "B2"]
[White "Gelfand, Boris"]
[Black "Mamedyarov, Shakhriyar"]
[Result "0-1"]
[WhiteElo "2655"]
[BlackElo "2734"]
[PlyCount "94"]
[EventDate "2023.??.??"]
[WhiteTeam "Israele"]
[BlackTeam "Azerbaijan"]
[WhiteTeamCountry "ISR"]
[BlackTeamCountry "AZE"]

1. Nf3 Nf6 2. c4 g6 3. Nc3 d5 4. cxd5 Nxd5 5. e4 Nxc3 6. dxc3 Qxd1+ 7. Kxd1 Bg7
8. Bf4 c6 9. Kc2 Nd7 10. Nd2 e5 11. Be3 Ke7 12. a4 h5 13. h4 Bh6 14. Bxh6 Rxh6
15. a5 Rh8 16. Nc4 f6 17. g3 Nc5 18. Re1 Bg4 19. Nd2 b6 20. b4 Nb7 21. f3 Be6
22. Nc4 bxa5 23. Nxa5 Nxa5 24. bxa5 Rab8 25. Bd3 Bb3+ 26. Kd2 c5 27. Ke3 c4 28.
Be2 Rhd8 29. Ra1 Bc2 30. Rhc1 Bd3 31. Rd1 Rb3 32. Rac1 Bxe2 33. Rxd8 Kxd8 34.
Kxe2 Ra3 35. Rb1 Kc7 36. Kd2 Ra2+ 37. Ke3 Rc2 38. a6 Rxc3+ 39. Ke2 Rb3 40. Rc1
Rb4 41. Kd2 Kb6 42. Kc3 Kc5 43. Rd1 Rb3+ 44. Kc2 Rb6 45. Rd5+ Kb4 46. Rd7 Rxa6
47. Rb7+ Kc5 0-1

[Event "Memorial Gashimov 2023 - Blitz"]
[Site "Gabala"]
[Date "11.12.2023"]
[Round "B3"]
[White "Abasov, Nijat"]
[Black "Gelfand, Boris"]
[Result "1/2-1/2"]
[WhiteElo "2679"]
[BlackElo "2655"]
[PlyCount "56"]
[EventDate "2023.??.??"]
[WhiteTeam "Azerbaijan"]
[BlackTeam "Israele"]
[WhiteTeamCountry "AZE"]
[BlackTeamCountry "ISR"]

1. e4 c5 2. Nf3 Nc6 3. d4 cxd4 4. Nxd4 Nf6 5. Nc3 e5 6. Ndb5 d6 7. Bg5 a6 8.
Na3 b5 9. Nd5 Be7 10. Bxf6 Bxf6 11. c3 O-O 12. Nc2 Bg5 13. h4 Bh6 14. a4 bxa4
15. Rxa4 a5 16. Bc4 Rb8 17. b3 Kh8 18. Nce3 Bxe3 19. Nxe3 Ne7 20. O-O f5 21.
exf5 Nxf5 22. Nxf5 Bxf5 23. Bd5 Bd7 24. Re4 Bf5 25. Rc4 Bd7 26. Re4 Bf5 27. Ra4
Bd7 28. Re4 Bf5 1/2-1/2

[Event "Memorial Gashimov 2023 - Blitz"]
[Site "Gabala"]
[Date "11.12.2023"]
[Round "B3"]
[White "Vidit, Gujrathi"]
[Black "Rapport, Richard"]
[Result "0-1"]
[WhiteElo "2716"]
[BlackElo "2752"]
[PlyCount "55"]
[EventDate "2023.??.??"]
[WhiteTeam "India"]
[BlackTeam "ROU"]
[WhiteTeamCountry "IND"]

1. d4 Nf6 2. Nf3 c6 3. c4 d5 4. e3 Bf5 5. Nc3 e6 6. Nh4 Bg6 7. Be2 Nbd7 8. Qb3
Qc7 9. O-O Ne4 10. cxd5 exd5 11. g3 Nd6 12. Bd2 Be7 13. Nxg6 hxg6 14. Rac1 Qb6
15. Qc2 Nf6 16. f3 Nf5 17. Kg2 Qc7 18. Rh1 Qd7 19. Bd3 Bd6 20. Ne2 O-O-O 21. b4
Kb8 22. a4 Rde8 23. e4 dxe4 24. fxe4 Nxd4 25. Nxd4 Qh3+ 26. Kg1 Bxg3 27. Nf3
Bc7 28. Be1 0-1

[Event "Memorial Gashimov 2023 - Blitz"]
[Site "Gabala"]
[Date "11.12.2023"]
[Round "B3"]
[White "Suleymanli, Aydin"]
[Black "Van Foreest, Jorden"]
[Result "1/2-1/2"]
[WhiteElo "2588"]
[BlackElo "2707"]
[PlyCount "152"]
[EventDate "2023.??.??"]
[WhiteTeam "Azerbaijan"]
[BlackTeam "Olanda"]
[WhiteTeamCountry "AZE"]
[BlackTeamCountry "NED"]

1. d4 Nf6 2. c4 e6 3. Nf3 d5 4. Nc3 c5 5. cxd5 exd5 6. g3 Nc6 7. Bg2 h6 8. O-O
c4 9. Ne5 Bb4 10. Bd2 O-O 11. Nxc6 bxc6 12. Na4 Rb8 13. b3 Ba6 14. Bxb4 Rxb4
15. Nc5 Rb6 16. Qc2 Qc8 17. Rfc1 Re8 18. e3 cxb3 19. axb3 Re7 20. Na4 Rb8 21.
Qxc6 Qxc6 22. Rxc6 Bb5 23. Rc5 Be8 24. Nc3 Rxb3 25. Nxd5 Nxd5 26. Rxd5 g6 27.
Rda5 Rc7 28. Bf3 Bb5 29. Bd5 Bc4 30. Bxc4 Rxc4 31. Rxa7 Rc6 32. R7a6 Rc7 33.
Rf6 Kg7 34. Rf4 Rb2 35. h4 Re7 36. Kg2 g5 37. hxg5 hxg5 38. Rf3 Re6 39. Ra5 f6
40. Ra7+ Kg6 41. d5 Rd6 42. e4 Re2 43. Re3 Rxe3 44. fxe3 g4 45. Kf2 Rb6 46. Ra4
Rb2+ 47. Kf1 Rb1+ 48. Ke2 Rg1 49. e5 fxe5 50. Rxg4+ Kf5 51. Rg8 Ke4 52. d6 Rg2+
53. Kd1 Kxe3 54. Kc1 Rd2 55. Rd8 e4 56. d7 Rd6 57. g4 Kd3 58. g5 e3 59. Kd1 Ra6
60. Kc1 Rc6+ 61. Kb2 Rc7 62. Re8 Rxd7 63. Kc1 e2 64. g6 Rc7+ 65. Kb2 Kd2 66.
Rd8+ Ke1 67. Rf8 Rg7 68. Rf6 Rd7 69. Rf7 Rd2+ 70. Kb3 Rd3+ 71. Kc2 Rg3 72. g7
Rg6 73. Kc1 Rc6+ 74. Kb2 Rg6 75. Kc2 Rg3 76. Kc1 Rg6 1/2-1/2

[Event "Memorial Gashimov 2023 - Blitz"]
[Site "Gabala"]
[Date "11.12.2023"]
[Round "B3"]
[White "Mamedov, Rauf"]
[Black "Radjabov, Teimour"]
[Result "1/2-1/2"]
[WhiteElo "2640"]
[BlackElo "2745"]
[PlyCount "43"]
[EventDate "2023.??.??"]
[WhiteTeam "Azerbaijan"]
[BlackTeam "Azerbaijan"]
[WhiteTeamCountry "AZE"]
[BlackTeamCountry "AZE"]

1. e4 e5 2. Nf3 Nc6 3. Bb5 Nf6 4. O-O Nxe4 5. Re1 Nd6 6. Nxe5 Be7 7. Bf1 Nxe5
8. Rxe5 O-O 9. d4 Bf6 10. Re1 Re8 11. c3 Rxe1 12. Qxe1 Ne8 13. Nd2 d5 14. Bd3
g6 15. Nf3 Ng7 16. Bf4 c6 17. Qe2 Bf5 18. Bxf5 Nxf5 19. Re1 Ng7 20. Be5 Bxe5
21. Qxe5 Qd7 22. h3 1/2-1/2

[Event "Memorial Gashimov 2023 - Blitz"]
[Site "Gabala"]
[Date "11.12.2023"]
[Round "B4"]
[White "Van Foreest, Jorden"]
[Black "Mamedov, Rauf"]
[Result "1/2-1/2"]
[WhiteElo "2707"]
[BlackElo "2640"]
[PlyCount "102"]
[EventDate "2023.??.??"]
[WhiteTeam "Olanda"]
[BlackTeam "Azerbaijan"]
[WhiteTeamCountry "NED"]
[BlackTeamCountry "AZE"]

1. e4 c5 2. Nf3 Nc6 3. Bc4 d6 4. d4 cxd4 5. Nxd4 Nf6 6. Nc3 Bd7 7. Nxc6 Bxc6 8.
Qe2 g6 9. O-O Bg7 10. Rd1 Qa5 11. Nd5 Bxd5 12. exd5 O-O 13. c3 Qc7 14. a4 Rac8
15. Bb3 a5 16. Bg5 Rfe8 17. Bc2 Nd7 18. Bd3 Bf6 19. Bh6 Nc5 20. Bb5 Red8 21.
Re1 Nd7 22. Rad1 Nb6 23. g4 Nc4 24. Rd3 Ne5 25. Re3 Qc5 26. f4 Nd7 27. Qf3 Nb6
28. Rd1 Rc7 29. Kh1 Nc4 30. Re2 Bg7 31. Bg5 Bf6 32. Bh6 Bg7 33. Bxg7 Kxg7 34.
Rd4 Nb6 35. f5 f6 36. g5 Rf8 37. Rg2 fxg5 38. Rxg5 Rf6 39. Qe4 e5 40. dxe6 Re7
41. Rd1 d5 42. Qe5 Nc4 43. Bxc4 Qxc4 44. Rdg1 Qe4+ 45. Qxe4 dxe4 46. R1g4 e3
47. Kg2 Kh6 48. fxg6 e2 49. Re5 Rfxe6 50. g7 Rxe5 51. g8=N+ Kh5 1/2-1/2

[Event "Memorial Gashimov 2023 - Blitz"]
[Site "Gabala"]
[Date "11.12.2023"]
[Round "B4"]
[White "Rapport, Richard"]
[Black "Suleymanli, Aydin"]
[Result "0-1"]
[WhiteElo "2752"]
[BlackElo "2588"]
[PlyCount "82"]
[EventDate "2023.??.??"]
[WhiteTeam "ROU"]
[BlackTeam "Azerbaijan"]
[BlackTeamCountry "AZE"]

1. e4 e5 2. Nc3 Nc6 3. Bc4 Nf6 4. d3 Na5 5. Qf3 Nxc4 6. dxc4 c6 7. Nge2 d6 8.
O-O Be7 9. Rd1 Qc7 10. b3 a6 11. a4 b6 12. h3 Be6 13. Ng3 g6 14. Bh6 Rg8 15.
Bg5 Nd7 16. Bxe7 Kxe7 17. Rd2 Nf6 18. Rad1 Rad8 19. Qe3 g5 20. Qe2 Qc8 21. a5
b5 22. c5 dxc5 23. Qe3 Rd4 24. Nce2 b4 25. c3 bxc3 26. Qxc3 Nd7 27. Qf3 Qb7 28.
Nf5+ Bxf5 29. Qxf5 Qxb3 30. Qxh7 Rg6 31. Ng3 Kd8 32. Nf5 Kc7 33. f3 Rgd6 34.
Nxd6 Qe3+ 35. Kh1 Rxd2 36. Rxd2 Qxd2 37. Ne8+ Kd8 38. Qh8 c4 39. g3 c3 40. Nd6+
Kc7 41. Nxf7 c2 0-1

[Event "Memorial Gashimov 2023 - Blitz"]
[Site "Gabala"]
[Date "11.12.2023"]
[Round "B4"]
[White "Gelfand, Boris"]
[Black "Vidit, Gujrathi"]
[Result "1/2-1/2"]
[WhiteElo "2655"]
[BlackElo "2716"]
[PlyCount "91"]
[EventDate "2023.??.??"]
[WhiteTeam "Israele"]
[BlackTeam "India"]
[WhiteTeamCountry "ISR"]
[BlackTeamCountry "IND"]

1. d4 Nf6 2. c4 g6 3. g3 c6 4. Bg2 d5 5. Nf3 Bg7 6. O-O O-O 7. Qa4 Nfd7 8. cxd5
Nb6 9. Qd1 cxd5 10. Nc3 Nc6 11. e3 Bf5 12. b3 Rc8 13. Bb2 Qd7 14. Rc1 Rfd8 15.
Qe2 Bh3 16. Rfd1 Bxg2 17. Kxg2 Qf5 18. Ba3 g5 19. Qc2 Qxc2 20. Rxc2 g4 21. Ne1
e5 22. dxe5 Nxe5 23. Nb5 a6 24. Nd4 Rxc2 25. Nexc2 Rc8 26. Ne1 Bf8 27. Bb2 h5
28. Nf5 f6 29. Bd4 Nbd7 30. Bxe5 Nxe5 31. Rxd5 Kf7 32. Rd1 Kg6 33. Nd4 Rc3 34.
Kf1 h4 35. gxh4 Kh5 36. Ng2 Bc5 37. Nf5 Kg6 38. Ng3 Nf3 39. Nf4+ Kf7 40. h5 Rc2
41. h6 Bxe3 42. fxe3 Nxh2+ 43. Kg1 Nf3+ 44. Kf1 Nh2+ 45. Kg1 Nf3+ 46. Kf1
1/2-1/2